<?xml version="1.0" encoding="UTF-8"?>
<record
    xmlns:xsi="http://www.w3.org/2001/XMLSchema-instance"
    xsi:schemaLocation="http://www.loc.gov/MARC21/slim http://www.loc.gov/standards/marcxml/schema/MARC21slim.xsd"
    xmlns="http://www.loc.gov/MARC21/slim">

  <leader>01797nam a22003737a 4500</leader>
  <controlfield tag="003">OSt</controlfield>
  <controlfield tag="005">20230817132324.0</controlfield>
  <controlfield tag="008">221006b        |||||||| |||| 00| 0 eng d</controlfield>
  <datafield tag="040" ind1=" " ind2=" ">
    <subfield code="c">Biblioteca Lado V</subfield>
  </datafield>
  <datafield tag="082" ind1=" " ind2=" ">
    <subfield code="a">305</subfield>
    <subfield code="b">M953m</subfield>
  </datafield>
  <datafield tag="130" ind1=" " ind2=" ">
    <subfield code="9">949</subfield>
    <subfield code="a">Mujer/Fempress</subfield>
    <subfield code="l">spa</subfield>
  </datafield>
  <datafield tag="245" ind1=" " ind2=" ">
    <subfield code="a">Mujer/Fempress/</subfield>
    <subfield code="b">Red de comunicaci&#xF3;n alternativa de la mujer/</subfield>
  </datafield>
  <datafield tag="260" ind1=" " ind2=" ">
    <subfield code="b">FEMPRESS</subfield>
    <subfield code="c">1998</subfield>
    <subfield code="a">Chile</subfield>
  </datafield>
  <datafield tag="300" ind1=" " ind2=" ">
    <subfield code="c">22x31cm</subfield>
    <subfield code="a">29p.</subfield>
  </datafield>
  <datafield tag="490" ind1=" " ind2=" ">
    <subfield code="v">1998</subfield>
    <subfield code="a">199</subfield>
  </datafield>
  <datafield tag="505" ind1=" " ind2=" ">
    <subfield code="a">Casi casi la hora de las mujeres

Mayor participaci&#xF3;n en poderes p&#xFA;blicos
</subfield>
    <subfield code="t">COLOMBIA</subfield>
  </datafield>
  <datafield tag="505" ind1=" " ind2=" ">
    <subfield code="a">Leyes y Prejuicios</subfield>
    <subfield code="t">COSTA RICA</subfield>
  </datafield>
  <datafield tag="505" ind1=" " ind2=" ">
    <subfield code="a">Mujeres en radio y televisi&#xF3;n. 

Una estrategia para el Cono Sur</subfield>
    <subfield code="t">URUGUAY</subfield>
  </datafield>
  <datafield tag="505" ind1=" " ind2=" ">
    <subfield code="a">Box, otra arena de lucha por la igualdad

</subfield>
    <subfield code="t">MEXICO</subfield>
  </datafield>
  <datafield tag="505" ind1=" " ind2=" ">
    <subfield code="a">Hillary Clinton. 

Siglo XXI Desaf&#xED;os y Esperanzas 

Cumbre de los pueblos de las Am&#xE9;ricas

Alianza Social Continental


</subfield>
    <subfield code="t">CHILE</subfield>
  </datafield>
  <datafield tag="505" ind1=" " ind2=" ">
    <subfield code="a">Evita como modelo de subversi&#xF3;n

Cuidar el cuerpo es tarea feminista

Irrumpen las talladoras</subfield>
    <subfield code="t">PUERTO RICO</subfield>
  </datafield>
  <datafield tag="505" ind1=" " ind2=" ">
    <subfield code="a">Dos candidatas a la presidencia

Campa&#xF1;a de la ONU

Una vida sin violencia es un derecho nuestro</subfield>
    <subfield code="t">ECUADOR</subfield>
  </datafield>
  <datafield tag="505" ind1=" " ind2=" ">
    <subfield code="a">El Patrimonio de Susana</subfield>
    <subfield code="t">ARGENTINA</subfield>
  </datafield>
  <datafield tag="505" ind1=" " ind2=" ">
    <subfield code="a">Bella Abzug

Una gringa excepcional</subfield>
    <subfield code="t">INTERNACIONAL</subfield>
  </datafield>
  <datafield tag="505" ind1=" " ind2=" ">
    <subfield code="a">Estado Venezolano demandado ante la OEA

V&#xED;ctima de violencia y homicida</subfield>
    <subfield code="t">VENEZUELA</subfield>
  </datafield>
  <datafield tag="505" ind1=" " ind2=" ">
    <subfield code="a">RECORTES</subfield>
  </datafield>
  <datafield tag="505" ind1=" " ind2=" ">
    <subfield code="a">COMUNICANDONOS </subfield>
  </datafield>
  <datafield tag="650" ind1=" " ind2=" ">
    <subfield code="2">Tesauro de Arte &amp; Arquitectura</subfield>
    <subfield code="a">MUJER</subfield>
    <subfield code="9">703</subfield>
  </datafield>
  <datafield tag="650" ind1=" " ind2=" ">
    <subfield code="2">Tesauro de Arte &amp; Arquitectura</subfield>
    <subfield code="a">COMUNICACI&#xD3;N</subfield>
  </datafield>
  <datafield tag="650" ind1=" " ind2=" ">
    <subfield code="2">Tesauro de Arte &amp; Arquitectura</subfield>
    <subfield code="a">RED FEMENINA</subfield>
  </datafield>
  <datafield tag="650" ind1=" " ind2=" ">
    <subfield code="2">Tesauro de Arte &amp; Arquitectura</subfield>
    <subfield code="a">CULTURA</subfield>
  </datafield>
  <datafield tag="651" ind1=" " ind2=" ">
    <subfield code="2">Tesauro de Arte &amp; Arquitectura</subfield>
    <subfield code="a">INTERNACIONAL</subfield>
  </datafield>
  <datafield tag="942" ind1=" " ind2=" ">
    <subfield code="2">ddc</subfield>
    <subfield code="c">1</subfield>
    <subfield code="h">305</subfield>
    <subfield code="i">M953m</subfield>
    <subfield code="n">0</subfield>
  </datafield>
  <datafield tag="999" ind1=" " ind2=" ">
    <subfield code="c">4164</subfield>
    <subfield code="d">4164</subfield>
  </datafield>
  <datafield tag="952" ind1=" " ind2=" ">
    <subfield code="0">0</subfield>
    <subfield code="1">0</subfield>
    <subfield code="2">ddc</subfield>
    <subfield code="3">1998</subfield>
    <subfield code="4">0</subfield>
    <subfield code="7">0</subfield>
    <subfield code="8">Revistas</subfield>
    <subfield code="a">LV</subfield>
    <subfield code="b">LV</subfield>
    <subfield code="d">2023-08-17</subfield>
    <subfield code="h">199</subfield>
    <subfield code="i">003080</subfield>
    <subfield code="l">0</subfield>
    <subfield code="o">305 M953m</subfield>
    <subfield code="p">003080</subfield>
    <subfield code="r">2023-08-17 00:00:00</subfield>
    <subfield code="w">2023-08-17</subfield>
    <subfield code="y">1</subfield>
  </datafield>
</record>
